| 000 | 00674 a2200181 4500 | ||
|---|---|---|---|
| 003 | Nust | ||
| 005 | 20230206114840.0 | ||
| 040 | _cNust | ||
| 082 | _a954.9042,QUA | ||
| 100 |
_aPirzada, Sharifuddin _9108648 |
||
| 245 |
_aQuaid's Correspondence / _cSyed Sharifuddin Pirzada, |
||
| 260 |
_aRawalpindi _bServices Book Club _c1987 |
||
| 300 |
_axxiv, 451 p _billus _c24 cm |
||
| 505 | _aAbbas Khan (Page-1), Abdul Haq Moulvi (Page23), Altaf Hussain (Page-34), Barakt ali Malik (Page-37), Cabint Mission (Page-51), Fazlul Huque (Page-81), Haroon, Sir Abdullah (Page-143). | ||
| 600 |
_aPirzada, Sharifuddin _9108648 |
||
| 650 |
_aQuaid Communication _9108649 |
||
| 942 |
_2ddc _cBK |
||
| 999 |
_c187489 _d187489 |
||